|
|
|
|
| LEADER |
00000nam a2200000 4500 |
| 005 |
20231114223756.0 |
| 008 |
231114b |||||||| |||| 00| 0 eng d |
| 020 |
|
|
|a 1409273407
|
| 040 |
|
|
|c C
|
| 100 |
|
|
|a Izzo, Mirella
|
| 245 |
|
|
|a Manifesto AzioneTrans
|
| 260 |
|
|
|b Lulu.com
|c 2009
|
| 942 |
|
|
|2 ddc
|c BK
|n 0
|
| 952 |
|
|
|0 0
|1 0
|2 ddc
|4 0
|6 306_768000000000000_IZZ_MAN
|7 0
|9 230
|a GE
|b GE
|d 2015-12-09
|l 0
|o 306.768 IZZ MAN
|p 2841
|r 2023-11-14 22:38:31
|w 2023-11-14
|y BK
|
| 952 |
|
|
|0 0
|1 0
|2 ddc
|4 0
|6 306_768000000000000_IZZ_MAN
|7 0
|9 231
|a GE
|b GE
|d 2015-12-09
|l 0
|o 306.768 IZZ MAN
|p 2842
|r 2023-11-14 22:38:44
|w 2023-11-14
|y BK
|
| 999 |
|
|
|c 186
|d 186
|